Olivova mariánska tvorba

Bibliographic Details
Other Authors: Zemko, Pavol, 1964-
Format: Book
Language:Slovak
Published: Trnava Ivona Matúšová 2014
ISBN:9788089413355 (brož.)
Edition:1. vyd.
Subjects:

MARC

LEADER 00000nam a22000005a 4500
001 vtls010624657
003 SK-MaSNL
005 20260301052427.0
008 251029s2014 xo g n 000 pdslo
015 |a SNBA2014/10 
020 |a 9788089413355 (brož.) 
035 |a 2AD8EDA2-6311-4512-9198-8E0166A55D63 
035 |a urn:nbn:sk:snk-amkcya 
035 |a urn:nbn:sk:snk-am003dnb 
040 |a SNK  |b slo  |c SNK  |e AACR2 
041 0 |a slo 
044 |a xo  |c SK 
072 7 |a 821.162.4-1  |x Slovenská poézia  |2 konspekt 
072 7 |a 27-1/-2  |x Kresťanská teológia. Dogmatická teológia  |2 konspekt 
080 |a 272-726.3  |2 2001 
080 |a 27-312.47-5  |2 2001 
080 |a 821.162.4-1  |2 2001 
080 |a (0:82-141)  |2 2001 
245 0 0 |a Olivova mariánska tvorba  |c [zostavil Pavol Zemko] 
250 |a 1. vyd. 
260 |a Trnava  |b Ivona Matúšová  |c 2014 
500 |a Výber z mariánskej tvorby Pavla Ušáka-Olivu básnika katolíckej moderny a rodáka z Kátloviec 
500 |a Vydané pre Haulikov inštitút 
504 |a Bibliogr. odkazy 
600 1 7 |a Oliva, Paľo,  |d 1914-1941  |2 SNKMA  |9 15059 
650 0 7 |a mariánsky kult  |2 SNKPH  |9 1996 
650 0 7 |a katolícki kňazi  |2 SNKPH  |9 1290 
650 0 7 |a Catholic priests  |2 SNKPHeng  |9 267999 
650 0 7 |a Marian cult  |2 SNKPHeng  |9 319610 
655 7 |a slovenská poézia  |2 SNKPH  |9 70444 
655 7 |a náboženská poézia  |2 SNKPH  |9 70686 
655 7 |a Slovak poetry  |2 SNKPHeng  |9 265010 
655 7 |a Religious poetry  |2 SNKPHeng  |9 303340 
700 1 |a Zemko, Pavol,  |d 1964-  |9 92629 
919 |a 978-80-89413-35-5 
958 |a NB 
958 |a LX 
958 |a NT 
999 |c 605877  |d 607807 
952 |a SNK  |b SNK  |y PREZ  |7 0  |p 17A1116151  |o snkSC 161011  |i snk2014/19881  |8 0  |0 0  |1 0  |4 0  |d 2014-09-29  |f 1  |l 0  |r 2025-08-25 00:00:00  |w 2026-02-23 
952 |a SNK  |b SNK  |y VYP  |7 0  |p 17A1116152  |o snkSC 161011 D1  |i snk2014/19882  |8 0  |0 0  |1 0  |4 0  |d 2014-09-29  |l 0  |r 2026-02-23 16:08:02  |w 2026-02-23